All DC Extended Universe Movies - Statistics

General Stats
  • This quiz has been taken 69 times
  • The average score is 13 of 18
Answer Stats
Hint Answer % Correct
2016 Batman V. Superman: Dawn Of Justice
100%
2017 Justice League
96%
2021 Justice League: The Snyder Cut
96%
2017 Wonder Woman
96%
2013 Man Of Steel
94%
2018 Aquaman
89%
2022 The Flash
85%
2019 Shazam
83%
2020 Wonder Woman 1984
83%
2016 Suicide Squad
74%
2021 The Suicide Squad
74%
2020 Bird's Of Prey And The Fantabulous Emancipation Of One Harley Quinn
72%
2023 Shazam: Fury Of The Gods
69%
2022 Aquaman 2
65%
2022 Black Adam
65%
TBD Cyborg
24%
TBD Man Of Steel II
22%
TBD Justice League Part Two
17%
No matching quizzes found
Score Distribution
Percent of People with Each Score
Percentile by Number Answered
Your Score History
You have not taken this quiz